Fr. Conceicao Rodrigues College of Engineering

CRC Handbook of Electrical fitters (Record no. 28539)

MARC details
000 -LEADER
fixed length control field 00338nam a2200145Ia 4500
082 ## - DEWEY DECIMAL CLASSIFICATION NUMBER
Classification number 621.3815324
Item number TAY
100 ## - MAIN ENTRY--PERSONAL NAME
Personal name Taylor /John T/ Huang/Quiting
245 ## - TITLE STATEMENT
Title CRC Handbook of Electrical fitters
260 ## - PUBLICATION, DISTRIBUTION, ETC.
Name of publisher, distributor, etc. CRC Press
Place of publication, distribution, etc. Mumbai
Date of publication, distribution, etc. 1997
300 ## - PHYSICAL DESCRIPTION
Extent 427
546 ## - LANGUAGE NOTE
Language note ENGLISH
654 ## - SUBJECT ADDED ENTRY--FACETED TOPICAL TERMS
Focus term Electronics
942 ## - ADDED ENTRY ELEMENTS (KOHA)
Koha item type Reference Book
Holdings
Withdrawn status Lost status Damaged status Not for loan Collection Home library Current library Shelving location Date acquired Total Checkouts Full call number Barcode Date last seen Price effective from Koha item type
        CRC Fr. Agnel's C.Rodrigues College of Engineering Fr. Agnel's C.Rodrigues College of Engineering   17/03/2023   621.3815324 TAY 9798 17/03/2023 17/03/2023 Reference Book